Za rok 2024 dramaticky vzrostly pojišťovnám náklady na pojistné plnění

Česká asociácia poisťovní od začiatku roku 2024 publikuje novú podobu štvrťročných štatistík vychádzajúcich z jednotného rámca vykazovania údajov o poistnom trhu pre účely dohľadu. V štatistikách je aj možnosť sledovať trendy vývoja spojené aj s počtom a objemom riešených poistných udalostí.

Gespeichert in:
Bibliographische Detailangaben
1. Verfasser: Smetana, Martin
Format: Buchkapitel
Sprache:Tschechisch
Schlagworte:
Tags: Tag hinzufügen
Keine Tags, Fügen Sie das erste Tag hinzu!

MARC

LEADER 00000naa a2200000 4500
001 0308090
005 20250410125840.4
041 0 |a cze 
044 |a CZ 
245 1 0 |a Za rok 2024 dramaticky vzrostly pojišťovnám náklady na pojistné plnění  |c Martin Smetana 
520 |a Česká asociácia poisťovní od začiatku roku 2024 publikuje novú podobu štvrťročných štatistík vychádzajúcich z jednotného rámca vykazovania údajov o poistnom trhu pre účely dohľadu. V štatistikách je aj možnosť sledovať trendy vývoja spojené aj s počtom a objemom riešených poistných udalostí. 
610 2 0 |a štatistika 
610 2 0 |a ukazovatele ekonomické 
610 2 0 |a poistenie 
610 2 0 |a poisťovne 
610 2 0 |a plnenie poistné 
610 2 0 |a výkazníctvo finančné 
610 2 0 |a výkazníctvo štatistické 
100 1 |a Smetana, Martin